000 01455nam a22003977a 4500
003 CHAP
005 20220329140511.0
008 971013s1983 r 00010 d
010 _a52928
011 _a53900
035 _a58050
040 _cCHAP
090 _aTesis
100 0 0 _aSánchez Navarro, Antonio Ricardo.
_9107728
245 _aAnálisis de germinación, emergencia y crecimiento del maíz (Zea mays L.) y sorgo (Sorghum vulgare Pers.) sembrado a diferentes profundidades
260 _a(Monterrey, N.L.) :
_bEl autor,
_c1983
300 _a44 h.
_b: gráfs.
502 _aTesis (Ing. Agr. en Producción) -- ITESM. Div. de Ciencias Agropecuarias y Marítimas
590 _aALEPH
_b10
_c20130110
_lUCH01
_h1330
590 _aBATCH-UPD
_b10
_c20130110
_lUCH01
_h0103
590 _aBATCH-UPD
_b10
_c20130110
_lUCH01
_h0724
590 _aBATCH-UPD
_b10
_c20130409
_lUCH01
_h2052
590 _aBATCH-UPD
_b10
_c20130410
_lUCH01
_h0408
590 _aBATCH-UPD
_b10
_c20130913
_lUCH01
_h2147
590 _aCONVERSION
_b10
_c20130109
_lUCH01
_h1329
650 1 4 _aAgricultura de temporal.
_91999
650 1 4 _aGerminación.
_947755
650 1 4 _aMaíz
_xFechas de siembra.
_970954
650 1 4 _aMaíz
_xFisiología y morfología.
_970958
650 1 4 _aMaíz
_xIrrigación.
_970998
650 1 4 _aSorgo
_xFechas de siembra.
_9108670
650 1 4 _aSorgo
_xIrrigación.
_9108688
901 _aBK
942 _cTESIS
949 _bBC
_cTES
_d-126119
_eTS1
_i58050
_si
999 _c52928
_d52928